[Event "Chiang Mai op 20th"]
[Site "Chiangmai"]
[Date "2022.10.22"]
[Round "1"]
[White "Nguyen, Hong Anh"]
[Black "Short, Nigel D"]
[Result "0-1"]
[WhiteElo "1933"]
[BlackElo "2610"]
[PlyCount "102"]
[EventDate "2022.10.22"]
[EventType "swiss"]
[EventRounds "9"]
[EventCountry "THA"]
[SourceTitle "EXT 2024"]
[Source "ChessBase"]
[SourceDate "2023.10.10"]
[SourceVersion "1"]
[SourceVersionDate "2023.10.10"]
[SourceQuality "1"]

1. d4 Nf6 2. c4 e6 3. Nc3 Bb4 4. Nf3 0-0 5. g3 d5 6. Bg2 dxc4 7. 0-0 c5 8. dxc5 Qa5 9. Qd4 Nc6 10. Qxc4 Qxc5 11. Qxc5 Bxc5 12. Na4 Be7 13. Be3 Nd5 14. Bc5 Bxc5 15. Nxc5 b6 16. Ne4 Rd8 17. Rac1 Bb7 18. Rfd1 Rac8 19. h4 Kf8 20. Kf1 Ke7 21. Ke1 Ncb4 22. Rxc8 Rxc8 23. Ne5 Nxa2 24. Nxf7 Rc2 25. Rd2 Rc1+ 26. Rd1 Rxd1+ 27. Kxd1 Kxf7 28. Nd6+ Ke7 29. Nxb7 Nab4 30. Kd2 Nc6 31. f4 Kd7 32. e4 Nxf4 33. gxf4 Kc7 34. e5 Kxb7 35. Bh3 Nd4 36. Kd3 Nf5 37. Ke4 g6 38. h5 Kc6 39. hxg6 hxg6 40. Kf3 a5 41. Kg4 a4 42. Kg5 b5 43. Kxg6 Nd4 44. Bf1 Kd5 45. Bd3 b4 46. Kf6 a3 47. bxa3 bxa3 48. Bb1 Kc4 49. Ba2+ Kc3 50. Bxe6 Nxe6 51. f5 Nc7 0-1

[Event "Hanoi op (Women)"]
[Site "Hanoi"]
[Date "2022.08.27"]
[Round "8"]
[White "Nguyen, Hong Anh"]
[Black "Ha, Phuong Hoang Mai"]
[Result "1/2-1/2"]
[WhiteElo "1987"]
[BlackElo "1819"]
[PlyCount "65"]
[EventDate "2022.08.20"]
[EventType "swiss"]
[EventRounds "9"]
[EventCountry "VIE"]
[SourceTitle "CBM 209 Extra"]
[Source "ChessBase"]
[SourceDate "2022.09.30"]
[SourceVersion "1"]
[SourceVersionDate "2022.09.30"]
[SourceQuality "1"]

1. e4 c5 2. Nf3 g6 3. d4 cxd4 4. Nxd4 Bg7 5. c4 Nc6 6. Be3 Nf6 7. Nc3 d6 8. Be2 0-0 9. 0-0 Bd7 10. Nc2 Ne8 11. Qd2 f5 12. exf5 Bxf5 13. Rad1 Nf6 14. Nd4 Bd7 15. Nxc6 bxc6 16. b4 Be6 17. c5 Nd5 18. Nxd5 Bxd5 19. b5 dxc5 20. Bxc5 Bf6 21. bxc6 Bxc6 22. Qe3 Qc7 23. Rc1 Bd5 24. Rfd1 Bxa2 25. Bf3 Rad8 26. Bxa7 Rxd1+ 27. Bxd1 Qe5 28. Bb3+ Bxb3 29. Qxb3+ Kg7 30. Be3 Ra8 31. h3 Ra1 32. Rxa1 Qxa1+ 33. Kh2 1/2-1/2